| 000 | 01067nam a22002774aa4500 | ||
|---|---|---|---|
| 003 | BOFEUTO | ||
| 005 | 20260512144939.0 | ||
| 008 | t bo gr 000 f spa d | ||
| 040 |
_6BOFEUTO _aBOFEUTO _cBOFEUTO |
||
| 041 | _aspa | ||
| 044 | _abo | ||
| 082 |
_aTE6296 _bL864 |
||
| 100 |
_aLópez Dalenz, Laura Isabel _eautor |
||
| 245 |
_aFactores que influyen en el clima organizacional del personal en la Clínica Cies (Centro de Investigación Educación y Servicios) regional Oruro, gestión 2022. _cLaura Isabel López Dalenz |
||
| 260 |
_aOruro : _bs/n ; _c2022 |
||
| 300 |
_a133 hojas : _bs/n ; _c2022 . |
||
| 500 | _aIncluye bibliografía, anexos. | ||
| 502 | _aTesis Dirigida, (Licenciatura) -- Universidad Técnica de Oruro, Facultad de Ciencias Económicas, Financieras y Administrativas, Carrera Administración de Empresas, 2022. | ||
| 650 | _aClima Organizacional del Personal | ||
| 653 | _aDesempeño | ||
| 653 | _aMotivación | ||
| 653 | _aServicio | ||
| 653 | _aPersonal | ||
| 700 |
_aRojas Paredes, Clara _etutor |
||
| 942 |
_2ddc _cTE _n0 |
||
| 999 |
_c16150 _d16150 |
||